| 000 | 03825nab a2200301 i 4500 | ||
|---|---|---|---|
| 003 | BR-BrBNA | ||
| 005 | 20251226203358.0 | ||
| 008 | 251226b2021 bl.|r|pooa||| 00| 0 eng | | ||
| 040 |
_aBR-BrBNA _beng |
||
| 072 |
_aF02 _b0920 |
||
| 100 | _aSantos, Jessé Neves dos | ||
| 100 | _aAyub, Ricardo Antonio | ||
| 100 | _aPessenti, Isabela Letícia | ||
| 100 | _aPereira, André Belmont | ||
| 245 | _aBoron on in vitro growth and enzymatic activity of Blueberry | ||
| 500 | _a Publicação online; 49 ref.; 7 illus.; 3 tables; Summaries (En, Pt) | ||
| 520 | _a Abstract - Boron (B) is essential for plants metabolism and most culture mediums use the same concentration, but in different quantities this nutrient may provoke growth alterations. Thus, the purpose of this study was to examine the effect of B on in vitro growth of blueberry in three experiments. The first experiment of multiplication (evaluated at 90 days) used 3 concentrations of 2-isopentenyladenine-2iP with 4 concentrations of boric acid-BA (factorial scheme 3x4). The second used 4 concentrations of BA and 1 concentration of 2iP and the third (rooting) used 4 concentrations of BA and 1 concentration of indolbutyric acid-IBA both evaluated at 180 days (unifactorial scheme). All the experiments had 4 replicates with explants. 6.2 mg L-1 of B and 5.0 mg L-1 of 2iP generated the highest shoot quantity (18.4, 25.5 respectively). From the interaction of these concentrations, there was the highest activity of POD and PPO enzymes. Under B deficit was seen a larger number of shoot-tip necrosis (9), red leaves (31) and high activity of the PAL, IAAO and POD enzymes. With IBA the correlation between IAAO and the roots’ growth was positive, showing that blueberry rooting depends of both B and IAAO regulation. Index terms: Vaccinium ashei Reade; Boric acid; Plant propagation | ||
| 520 | _a Resumo - Boro (B) é essencial para o metabolismo das plantas, e a maior parte dos meios de cultura usa a mesma concentração, mas em diferentes quantidades esse nutriente pode provocar alterações de crescimento. Assim, o propósito deste estudo foi examinar o efeito do B no crescimento in vitro do mirtileiro de três experimentos. O primeiro experimento de multiplicação (avaliado aos 90 dias) usou 3 concentrações de 2-isopenteniladenina-2iP, com 4 concentrações de ácido bórico-BA (esquema fatorial 3x4). O segundo usou 4 concentrações de BA e 1 concentração de 2iP, e o terceiro (enraizamento) usou 4 concentrações de ácido bórico e 1 concentração de ácido indolbutírico-IBA, ambos avaliados aos 180 dias (esquema unifatorial). Todos os experimentos tiveram 4 repetições, com 5 explantes cada. 6.2 mg L-1 de B e 5.0 mg L-1 de 2iP geraram a maior quantidade de brotações (18.4 e 25.5, respectivamente). Da interação dessas concentrações, houve a maior atividade das enzimas POD e PPO. Sob deficiência de B, foi visto maior número de necrose do ápice (9), folhas vermelhas (31) e alta atividade das enzimas PAL, IAAO e POD. Com IBA, a correlação entre IAAO e o crescimento das raízes foi positiva, mostrando que o enraizamento do mirtileiro depende da regulação do B e da IAAO. Termos para indexação: Vaccinium ashei Reade; ácido bórico; propagação de plantas. | ||
| 650 | _aMIRTILO | ||
| 650 | _aMEIO DE CULTURA | ||
| 650 | _aÁCIDO BÓRICO | ||
| 650 | _aENRAIZAMENTO | ||
| 650 | _aPROPAGAÇÃO VEGETATIVA | ||
| 773 | 0 |
_0805 _9317054 _dJaboticabal-SP Sociedade Brasileira de Fruticultura 1978 _o2024-3616 _tRevista Brasileira de Fruticultura (Brazil) _x0100-2945 _gv. 43(5) p. 1-15; (2021) _wBR2025004838 |
|
| 856 | _uhttps://www.scielo.br/j/rbf/a/S4gphZnXtRJDNnrNdRVh3ph/?format=pdf&lang=en | ||
| 942 | _cANA | ||
| 999 |
_c339617 _d339617 |
||